Ζωή χωρίς όρια

Αποθηκεύτηκε σε:
Λεπτομέρειες βιβλιογραφικής εγγραφής
Κύριος συγγραφέας: Vujicic, Nick
Άλλοι συγγραφείς: Αργυριάδης, Βασίλης, 1975- (Επιμελητής έκδοσης, Μεταφραστής)
Μορφή: Βιβλίο
Γλώσσα:Greek
English
Δημοσίευση: Αθήνα : Εν πλώ, 2012.
Θέματα:
Ετικέτες: Προσθήκη ετικέτας
Δεν υπάρχουν, Καταχωρήστε ετικέτα πρώτοι!

MARC

LEADER 00000cam a2200000 a 4500
001 1/120523
008 191213r2012####gr | ||| |||| ||gre||
020 |a 9789609550192 
040 |a GR-MyUa  |b gre  |c GR-MyUa  |e AACR2 
041 1 |a gre  |h eng 
082 7 |a 158.1  |2 (23) 
100 1 |a Vujicic, Nick. 
245 1 0 |a Ζωή χωρίς όρια /   |c Νικ Βούισιτς ; μετάφραση επιμέλεια έκδοσης Βασίλης Αργυριάδης.  
260 |a Αθήνα :   |b Εν πλώ,   |c 2012.  
300 |a 351 σ. ;   |c 21 εκ.  
534 |p Μετάφραση του :   |t Life without limits 
600 1 0 |a Vujicic, Nick. 
650 0 |a Happiness  |x Religious aspects 
650 0 |a Christian life 
700 1 |a Αργυριάδης, Βασίλης,  |d 1975-  |e edt  |e trl 
852 |a INST  |b SAMOS  |e 20191213  |h 158.1 VUJ  |p 005300046199  |q 005300046199  |t BK  |y 0 
920 |a Τραγάκη   |b Ζαφειρούλα   |y Σάμος  |z 2019-04 
970 |a Γουβάλα  |b Βάσω  |z 13-12-2019